| 000 | 00756nam a2200253Ia 4500 | ||
|---|---|---|---|
| 001 | 19724 | ||
| 003 | DO-CoUTE | ||
| 005 | 20260204212611.0 | ||
| 008 | 220104s9999 dr 000 0 spa d | ||
| 020 | _a978-958-725-098-5 | ||
| 040 |
_aDO-CoUTE _bspa _cDO-CoUTE |
||
| 041 | 0 | _aspa | |
| 082 | _a635.63 B685m | ||
| 100 | 1 | _aBojacá, Carlos | |
| 245 | 1 | 0 | _aManual de producción de pepino bajo invernadero / Carlos Bojacá, Oscar Monsalve |
| 260 | _aBogotá, Colombia : Editorial Universidad de Bogotá Jorge Tadeo Lozano | ||
| 300 | _a207 páginas | ||
| 650 | 4 | _aCultivos de invernadero | |
| 650 | 4 | _aPepinos-cultivo | |
| 700 | 1 | _aMonsalve, Oscar | |
| 942 |
_2ddc _cBK |
||
| 999 |
_c21061 _d21061 |
||